NBA Players With An Award Named After Them - Statistics

General Stats
  • This quiz has been taken 142 times
    141 since last reset
  • The average score is 5 of 15
Answer Stats
Award Player % Correct
Most Valuable Player Michael Jordan
83%
NBA Finals MVP Bill Russell
70%
All-Star Game MVP Kobe Bryant
64%
NBA Western Conference Finals MVP Earvin "Magic" Johnson
57%
NBA Eastern Conference Finals MVP Larry Bird
56%
Defensive Player of the Year Hakeem Olajuwon
47%
Coach of the Year Red Auerbach
32%
Rookie of the Year Wilt Chamberlain
31%
Clutch Player of the Year Jerry West
20%
Social Justice Champion Award Kareem Abdul-Jabbar
20%
Sixth Man of the Year John Havlicek
12%
Teammate of the Year Twyman-Stokes
9%
Most Improved Player George Mikan
6%
Citizenship Award J. Walter Kennedy
6%
Sportsmanship Award Joe Dumars
5%
No matching quizzes found
Score Distribution
Percent of People with Each Score
Percentile by Number Answered
Your Score History
You have not taken this quiz since the last reset